Statistics for World Capitals Closest to Amsterdam - One Minute Sprint

Click here to take the quiz!

General Stats

  • This quiz has been taken 19 times
  • The average score is 14 of 20

Answer Stats

kmcapitalmiles% Correct
358London223
100%
319Luxembourg198
100%
173Brussels107
95%
430Paris267
95%
578Berlin359
89%
631Bern392
84%
622Copenhagen386
79%
936Vienna582
79%
756Dublin470
74%
914Oslo568
74%
1098Warsaw682
74%
713Prague443
68%
987Bratislava613
63%
670Vaduz416
63%
1125Stockholm699
58%
1126Andorra la Vella699
53%
979Monaco608
37%
1091San Marino678
37%
989Ljubljana615
32%
1086Zagreb675
21%

Score Distribution

Percentile by Number Answered

Percent of People with Each Score

Your Score History

You have not taken this quiz